Zakontcentrovanie čpavkovej vody z cca 1 hm.% na cca 20 hm. % v destilačnej kolóne diplomová práca

Salvato in:
Dettagli Bibliografici
Autore principale: Čopák, Ladislav
Natura: Libro
Lingua:slovacco
Pubblicazione: Bratislava STU FCHPT 2017
Accesso online:Visualizza in OPAC
Tags: Aggiungi Tag
Nessun Tag, puoi essere il primo ad aggiungerne!!

MARC

LEADER 00000nam a2200000 a 4500
005 20260127134232.0
008 170808 2017 xo 001 0 slo d
035 |a vtls011706082 
039 9 |y 201708081130  |z mschk03 
040 |a STUSCHK1  |b slo  |c STUSCHK1  |e AACR2 
100 1 |a Čopák, Ladislav 
245 1 |a Zakontcentrovanie čpavkovej vody z cca 1 hm.% na cca 20 hm. % v destilačnej kolóne  |b diplomová práca  |c Ladislav Čopák 
260 |a Bratislava  |b STU FCHPT  |c 2017 
300 |a 81 s.  |b il.  |c 25 cm 
500 |a Študijný program: chemické inžinierstvo 
500 |a Študijný odbor: chemické inžinierstvo 
500 |a Školiace pracovisko: Oddelenie chemického a biochemického inžinierstva 
500 |a Evid. číslo: FCHPT-5433-61017 
910 |a SCHK95 
999 |c 7461  |d 7461